00333nam a2200097Ia 4500008004100000020001800041100002400059245009000083260004300173300001900216180205s9999 xx 000 0 und d a9789712346958 aMendoza, Zenaida M. cRomero, Marcela L.aPagbasa at pagsulat :bSa iba't ibang disiplina sa antas tersarya aRecto Avenue CitybREX bookstorec2007 aiii, 327 pages